000 00611nam a2200241Ia 4500
003 OSt
005 20220924133750.0
006 a|||||r|||| 00| 0
007 ta
008 220923b |||||||| |||| 00| 0 ben d
020 _c120
024 _a268668
037 _cTextual
040 _aARTS
_cARTS
_bben
041 _2ben
_aben
082 _aO157,3NCH15x, N3.3
100 _aChattopadhyay Sanjeeb
245 0 _aGalpo sangrah
260 _c1993
650 _aBENGALI LITERATURE
942 _hO157,3NCH15x, N3.3
_cTEXL
_2CC
999 _c435079
_d435079